Kalipunan ng mga sawikain kasabihan at salawikain at mga bugtong Pilipino / (Record no. 9509)

MARC details
000 -LEADER
fixed length control field 00633nam a22002057a 4500
003 - CONTROL NUMBER IDENTIFIER
control field OSt
005 - DATE AND TIME OF LATEST TRANSACTION
control field 20260417002413.0
008 - FIXED-LENGTH DATA ELEMENTS--GENERAL INFORMATION
fixed length control field 260416b |||||||| |||| 00| 0 eng d
020 ## - INTERNATIONAL STANDARD BOOK NUMBER
International Standard Book Number 971-668-023-6
040 ## - CATALOGING SOURCE
Original cataloging agency DWCL - Main Lib.
Transcribing agency OC
082 ## - DEWEY DECIMAL CLASSIFICATION NUMBER
Classification number Res. 398.9 K124 1997
100 ## - MAIN ENTRY--PERSONAL NAME
Personal name Velasco, Rheno A.
Relator term Author
245 ## - TITLE STATEMENT
Title Kalipunan ng mga sawikain kasabihan at salawikain at mga bugtong Pilipino /
Statement of responsibility, etc. Rheno A. Velasco
250 ## - EDITION STATEMENT
Edition statement pinagsamang edisyon
260 ## - PUBLICATION, DISTRIBUTION, ETC.
Place of publication, distribution, etc. Philippines :
Name of publisher, distributor, etc. Loacan Publishing House,
Date of publication, distribution, etc. c1997
300 ## - PHYSICAL DESCRIPTION
Extent 143 p. ;
Dimensions 20 cm.
650 ## - SUBJECT ADDED ENTRY--TOPICAL TERM
Topical term or geographic name entry element 1. Proverbs.
650 ## - SUBJECT ADDED ENTRY--TOPICAL TERM
Topical term or geographic name entry element 2. Riddles.
942 ## - ADDED ENTRY ELEMENTS (KOHA)
Source of classification or shelving scheme Dewey Decimal Classification
Koha item type Book- Reserved
Suppress in OPAC No
952 ## - LOCATION AND ITEM INFORMATION (KOHA)
--
952 ## - LOCATION AND ITEM INFORMATION (KOHA)
--
952 ## - LOCATION AND ITEM INFORMATION (KOHA)
--
952 ## - LOCATION AND ITEM INFORMATION (KOHA)
--
952 ## - LOCATION AND ITEM INFORMATION (KOHA)
--
Holdings
Withdrawn status Lost status Source of classification or shelving scheme Damaged status Not for loan Home library Current library Shelving location Date acquired Source of acquisition Cost, normal purchase price Total Checkouts Full call number Barcode Date last seen Copy number Price effective from Koha item type Uniform Resource Identifier
    Dewey Decimal Classification     Junior High School Library Junior High School Library Reserved 06/21/2000 School Fund 59.95   Res. 398.9 K124 1997 JHS - 10284 04/17/2026 c1 04/17/2026 BK-0 CIRC
    Dewey Decimal Classification     Junior High School Library Junior High School Library Reserved 06/21/2000 School Fund 59.95   Res. 398.9 K124 1997 JHS - 10285 04/17/2026 c2 04/17/2026 BK-0 CIRC
    Dewey Decimal Classification     Junior High School Library Junior High School Library Reserved 06/21/2000 School Fund 59.95   Res. 398.9 K124 1997 JHS - 10286 04/17/2026 c3 04/17/2026 BK-0 CIRC
    Dewey Decimal Classification     Junior High School Library Junior High School Library Reserved 06/21/2000 School Fund 59.95   Res. 398.9 K124 1997 JHS - 10287 04/17/2026 c4 04/17/2026 BK-0 CIRC
    Dewey Decimal Classification     Junior High School Library Junior High School Library Reserved 06/21/2000 School Fund 59.95   Res. 398.9 K124 1997 JHS - 10288 04/17/2026 c5 04/17/2026 BK-0 CIRC